000 01016 a2200193 4500
003 NUST
005 20251117170228.0
040 _cNust
082 _a621.382,NIS
100 _aNisar , Danish Muhammad NC (TCC-15B)
_9131925
245 _aDesign & implementation of a DS-CDMA based communication link, employing DSP board for receiver's baseband processing /
_cNC Muhammad Danish Nisar , NC Ahsin Shakil and NC Fadil Aleem
260 _aRawalpindi
_bMCS (NUST)
_c2004
300 _a166 p.;
505 _aIntroduction (Page-1), Spread Spectrum Based Multiple Access (PAge-7), Overview of DS-CDMA Standards (Page-30), Section B-System Implementation (Page-46), Transmitter Implementation (Page-85), Receivers Implementation (Page-105), DSP Board Implementation (Page-119), Performance Analysis (Page-143), Conclusion and Future Recommendations (Page-158), References (Page-162).
650 _aUG Projects
_998716
651 _aTCC-15B
_9131923
700 _aSupervised by Dr.Noman Jafri
_9131926
942 _cPR
_2ddc
999 _c182839
_d182839